000 00939nam a22002057a 4500
999 _c170771
_d170771
005 20191224162724.0
010 _aB-731493
020 _c300.00
_a8189364138
035 _aB-731493
037 _bडी.बी.ए.डी./ उपहार
082 _a821
100 _aकालरा, शकुन्तला
245 _aहँसते- महकते फूल /
_cशकुन्तला कालरा
260 _aदिल्ली
_bचेतना प्रकाशन
_c2017
270 _a1376, आत्माराम बिल्ड़ंग, कश्मीरी गेट
_bदिल्ली
_e110006
300 _a100पृ.:
_c24सेमी (सजिल्द)
_bसचित्र
700 _a
_919350
942 _2ddc
_cCH
_h821
_mकालरा